[Event "I Open Odisseias"]
[Site "Lisboa POR"]
[Date "2015.08.12"]
[Round "3.4"]
[White "Ulyanovskyy, Vladimir"]
[Black "Dâmaso, Rui"]
[Result "0-1"]
[WhiteElo "2111"]
[BlackElo "2396"]
[WhiteFideId "14120771"]
[BlackFideId "1900030"]
[BlackTitle "IM"]
[PlyCount "60"]
[EventDate "2015.??.??"]

1. e4 Nc6 2. d4 d5 3. e5 Bf5 4. Nf3 e6 5. Bd3 Nge7 6. Bg5 Qd7 7. Bb5 a6 8. Ba4
h6 9. Bxe7 Bxe7 10. c3 O-O 11. O-O f6 12. exf6 Bxf6 13. Nbd2 Rae8 14. Nb3 b5
15. Nc5 Qd6 16. Bc2 Bxc2 17. Qxc2 e5 18. Nb7 Qd7 19. Nc5 Qd6 20. Nb7 Qd7 21.
Nc5 Qf7 22. dxe5 Nxe5 23. Nd4 Nc4 24. b3 Nd6 25. Nxa6 Ne4 26. f3 c5 27. fxe4
cxd4 28. e5 Rxe5 29. cxd4 Re4 30. Rad1 Bxd4+ 0-1

[Event "I Open Odisseias"]
[Site "Lisboa POR"]
[Date "2015.08.12"]
[Round "3.5"]
[White "Ulyanovskyy, Viktor"]
[Black "Garcia Dorado, Alberto"]
[Result "1-0"]
[WhiteElo "2348"]
[BlackElo "2088"]
[WhiteFideId "14113350"]
[BlackFideId "2252244"]
[WhiteTitle "FM"]
[PlyCount "116"]
[EventDate "2015.??.??"]

1. e4 d5 2. exd5 Nf6 3. Nf3 Nxd5 4. Be2 Bg4 5. h3 Bh5 6. d3 e6 7. O-O Be7 8.
Re1 O-O 9. Nbd2 c5 10. Ne4 Nc6 11. Bd2 b6 12. a3 Qc7 13. Ng3 Bg6 14. Nh2 Rad8
15. Bh5 Bd6 16. Nhf1 Bf4 17. Bxg6 hxg6 18. Ne4 Bxd2 19. Nfxd2 Qf4 20. g3 Qf5
21. Kg2 Qh5 22. Nc4 Qxd1 23. Raxd1 Rd7 24. Ng5 Rfd8 25. Nf3 Nc7 26. Nfe5 Nxe5
27. Nxe5 Rd6 28. Re4 Nb5 29. Rf4 Rf8 30. h4 Rd5 31. Nc6 Rd6 32. Ne5 Rd5 33.
Nxg6 fxg6 34. Rxf8+ Kxf8 35. c4 Rd4 36. cxb5 Ke7 37. Kf3 c4 38. Ke3 Rd5 39. a4
Rd8 40. Rd2 cxd3 41. Rxd3 Rf8 42. Rd4 Rf5 43. Rc4 Kd7 44. Rg4 Rf6 45. h5 gxh5
46. Rxg7+ Kd6 47. Rxa7 Rh6 48. b3 h4 49. gxh4 Rxh4 50. Rb7 Rb4 51. Rxb6+ Kd5
52. a5 Rxb3+ 53. Ke2 Rb2+ 54. Kf3 Rb3+ 55. Kg4 e5 56. a6 Kc5 57. a7 Ra3 58. Ra6
Kd5 1-0

[Event "I Open Odisseias"]
[Site "Lisboa POR"]
[Date "2015.08.12"]
[Round "3.6"]
[White "Pereira, António Caramez"]
[Black "Silva, Luís M"]
[Result "1-0"]
[WhiteElo "2093"]
[BlackElo "2320"]
[WhiteFideId "1904485"]
[BlackFideId "1919121"]
[BlackTitle "FM"]
[PlyCount "87"]
[EventDate "2015.??.??"]

1. c4 g6 2. g3 Bg7 3. Bg2 e5 4. Nc3 Ne7 5. a3 O-O 6. e3 c5 7. Nge2 Nbc6 8. O-O
d6 9. b4 Be6 10. b5 Na5 11. d3 d5 12. cxd5 Nxd5 13. Bd2 Ne7 14. Qc2 Rc8 15.
Rab1 c4 16. d4 exd4 17. exd4 Bf5 18. Ne4 Nb3 19. Rbd1 Re8 20. Qa2 Nd5 21. N2c3
Nxc3 22. Nxc3 Qxd4 23. Nd5 Bd3 24. Be3 Qb2 25. Qxb2 Bxb2 26. Rfe1 Kg7 27. Bxa7
Rxe1+ 28. Rxe1 c3 29. Ne7 Re8 30. Bd5 Rxe7 31. Rxe7 c2 32. Be3 c1=Q+ 33. Bxc1
Bxc1 34. Bxb3 Bxb5 35. Rxf7+ Kh6 36. Rxb7 Be2 37. a4 Bd2 38. Rd7 Bb4 39. Rd4
Bc5 40. Rd5 Ba7 41. a5 Bf3 42. Rd7 Bc5 43. a6 Kg5 44. Bd5 1-0

[Event "I Open Odisseias"]
[Site "Lisboa POR"]
[Date "2015.08.12"]
[Round "3.7"]
[White "Bolhari, Orfeh"]
[Black "Alexandre, Jorge Petrucci"]
[Result "1/2-1/2"]
[WhiteElo "2085"]
[BlackElo "2250"]
[WhiteFideId "12505218"]
[BlackFideId "1900439"]
[BlackTitle "NM"]
[PlyCount "95"]
[EventDate "2015.??.??"]

1. e4 e6 2. d4 c5 3. c3 cxd4 4. cxd4 d5 5. e5 Nc6 6. Nf3 Nge7 7. Bd3 Nb4 8. Be2
Nf5 9. O-O Be7 10. Nc3 O-O 11. a3 Nc6 12. b4 f6 13. g4 Nh6 14. exf6 Rxf6 15. g5
Rxf3 16. Bxf3 Bxg5 17. Kh1 Nf5 18. Ne2 Bf6 19. Be3 Bd7 20. Rc1 Be8 21. Bg4 Bg6
22. Rg1 Nxe3 23. fxe3 Be4+ 24. Rg2 Qe8 25. Nf4 e5 26. dxe5 Nxe5 27. Be6+ Kh8
28. Bxd5 Rd8 29. Qb3 Bxg2+ 30. Bxg2 Ng4 31. Qe6 Qxe6 32. Nxe6 Re8 33. Bxb7 h5
34. Rc8 Rxc8 35. Bxc8 Nxe3 36. a4 Nd5 37. b5 Bc3 38. Kg2 g6 39. Kf3 Nb6 40. Bb7
Nxa4 41. Be4 g5 42. Nxg5 Kg7 43. Ke3 Bf6 44. Ne6+ Kf7 45. Nf4 Be5 46. Nxh5 Bxh2
47. Bc6 Bc7 48. Nf4 1/2-1/2

[Event "I Open Odisseias"]
[Site "Lisboa POR"]
[Date "2015.08.12"]
[Round "3.8"]
[White "Foisor, Sabina-Francesca"]
[Black "Brunier, Jules"]
[Result "1-0"]
[WhiteElo "2223"]
[BlackElo "2029"]
[WhiteFideId "1212915"]
[BlackFideId "655970"]
[WhiteTitle "WGM"]
[PlyCount "117"]
[EventDate "2015.??.??"]

1. d4 d5 2. c4 c6 3. Nc3 Nf6 4. e3 e6 5. Nf3 Be7 6. Qc2 O-O 7. b3 a6 8. Be2 b5
9. O-O Bb7 10. a4 b4 11. Na2 a5 12. Bb2 Nbd7 13. Nc1 Ne4 14. Nd3 c5 15. dxc5
Ndxc5 16. Nxc5 Bxc5 17. Rad1 Qe7 18. Ne5 Rac8 19. Bf3 f6 20. Bxe4 fxe5 21.
Bxh7+ Kh8 22. Bxe5 dxc4 23. bxc4 Qh4 24. Rd7 Qxh7 25. Qxh7+ Kxh7 26. Rxg7+ Kh6
27. Rxb7 Rf5 28. Bf4+ Kg6 29. g4 Rff8 30. h4 Rf7 31. h5+ Kg7 32. Be5+ Kg8 33.
Rxf7 Kxf7 34. g5 Bf8 35. g6+ Kg8 36. Bf4 Rxc4 37. h6 Bxh6 38. Bxh6 Rg4+ 39. Kh2
Rh4+ 40. Kg3 Rxh6 41. Rc1 Rxg6+ 42. Kf3 Rf6+ 43. Ke2 Kf7 44. e4 e5 45. Rc5 Rb6
46. Kd2 Kf6 47. Kc1 b3 48. Rxa5 Rb4 49. f3 Kg5 50. Rxe5+ Kf4 51. Rf5+ Ke3 52.
a5 b2+ 53. Kb1 Kd3 54. a6 Kc3 55. Rc5+ Kb3 56. Rc2 Ka3 57. a7 Rd4 58. a8=Q+ Kb3
59. Rxb2+ 1-0

[Event "I Open Odisseias"]
[Site "Lisboa POR"]
[Date "2015.08.12"]
[Round "3.9"]
[White "Leão, Tiago"]
[Black "Santos, António P"]
[Result "0-1"]
[WhiteElo "1863"]
[BlackElo "2211"]
[WhiteFideId "1925563"]
[BlackFideId "1900161"]
[BlackTitle "FM"]
[PlyCount "74"]
[EventDate "2015.??.??"]

1. e4 c5 2. Nc3 Nc6 3. f4 g6 4. Nf3 Bg7 5. Bc4 e6 6. O-O Nge7 7. e5 O-O 8. Ne4
d5 9. exd6 Nf5 10. d7 Bxd7 11. Kh1 Qe7 12. d3 Rfd8 13. Qe1 Ncd4 14. Nxd4 Nxd4
15. Qf2 b5 16. Bb3 Rac8 17. c3 Nf5 18. Be3 Nxe3 19. Qxe3 c4 20. dxc4 bxc4 21.
Bc2 Bc6 22. Nd2 Qb7 23. Be4 Rxd2 24. Bxc6 Qxb2 25. Qxa7 Qxc3 26. Rac1 Qd3 27.
a4 c3 28. Qb7 Qd8 29. Bf3 Rc7 30. Qb6 Rb2 31. Qa5 Qb8 32. Rfd1 Bf6 33. Qa8 Qxa8
34. Bxa8 Ra2 35. Be4 Rxa4 36. Bd3 Rxf4 37. Rc2 Kg7 0-1

[Event "I Open Odisseias"]
[Site "Lisboa POR"]
[Date "2015.08.12"]
[Round "3.11"]
[White "Oliveira, Marco"]
[Black "Ferents, Andrey"]
[Result "0-1"]
[WhiteElo "2029"]
[BlackElo "2201"]
[WhiteFideId "1901583"]
[BlackFideId "14114941"]
[BlackTitle "NM"]
[PlyCount "120"]
[EventDate "2015.??.??"]

1. Nf3 d5 2. d4 Nf6 3. c4 e6 4. Nc3 Be7 5. Bg5 O-O 6. e3 a6 7. Bd3 dxc4 8. Bxc4
b5 9. Bd3 Bb7 10. O-O Nbd7 11. Rc1 c5 12. Bb1 c4 13. a3 Nh5 14. Bxe7 Qxe7 15.
Ne1 g6 16. Qg4 e5 17. d5 f5 18. Qe2 e4 19. Nc2 Nc5 20. Nd4 Rad8 21. a4 Nd3 22.
Ne6 Nxc1 23. Rxc1 Bxd5 24. Nxf8 Kxf8 25. axb5 axb5 26. Nxb5 Qb4 27. Nd4 Rb8 28.
g4 fxg4 29. Qxg4 Qxb2 30. Rf1 Qb7 31. Qg5 Qd7 32. Qe5 Re8 33. Qh8+ Bg8 34. Ba2
Qg7 35. Qxg7+ Nxg7 36. Rc1 Rc8 37. Bb1 Bd5 38. Bc2 Ke7 39. Ra1 Ra8 40. Rb1 Ra7
41. Nb5 Rb7 42. Nc3 Rxb1+ 43. Nxb1 Kd6 44. Nc3 Ke5 45. Kf1 Ne6 46. Nb5 Nc5 47.
Ke2 Kf5 48. f3 Ke5 49. f4+ Kf5 50. Nd4+ Kg4 51. Kf2 Nd3+ 52. Kg2 Ne1+ 53. Kf2
Nxc2 54. Nxc2 c3 55. Kg2 Bb3 56. Nd4 Bd1 57. h3+ Kh5 58. f5 gxf5 59. Nxf5 c2
60. Ng3+ Kg6 0-1

[Event "I Open Odisseias"]
[Site "Lisboa POR"]
[Date "2015.08.12"]
[Round "4.1"]
[White "Ulyanovskyy, Viktor"]
[Black "Martinez, Lelys"]
[Result "1-0"]
[WhiteElo "2348"]
[BlackElo "2541"]
[WhiteFideId "14113350"]
[BlackFideId "3504727"]
[WhiteTitle "FM"]
[BlackTitle "GM"]
[PlyCount "105"]
[EventDate "2015.??.??"]

1. e4 c5 2. c4 Nc6 3. Nc3 g6 4. g3 Bg7 5. Bg2 d6 6. d3 Rb8 7. Nge2 a6 8. a4 h5
9. h4 Nf6 10. O-O O-O 11. Bg5 Bg4 12. Qd2 Kh7 13. Rab1 Qd7 14. f3 Bh3 15. Kh2
Bxg2 16. Kxg2 e6 17. Be3 d5 18. Bxc5 Rfe8 19. Qc2 Rbc8 20. Rfd1 d4 21. Na2 Bh6
22. b4 e5 23. b5 axb5 24. axb5 Nd8 25. Bb4 Ne6 26. Bd2 g5 27. hxg5 Nxg5 28. Rh1
Rg8 29. Rh4 Rg6 30. Rbh1 Ne6 31. Bxh6 Rxh6 32. Nb4 Qd6 33. Qd2 Rg8 34. Nd5 Ng5
35. c5 Qe6 36. Nxf6+ Qxf6 37. f4 exf4 38. Qxf4 Qg6 39. Nxd4 Ra8 40. Qf5 Ra2+
41. Kf1 Ra4 42. Ne2 Ne6 43. c6 bxc6 44. bxc6 Ra1+ 45. Kf2 Ra2 46. Qxg6+ fxg6
47. Ke3 Kg7 48. Rc1 Rh8 49. g4 hxg4 50. Rxh8 Kxh8 51. c7 Nxc7 52. Rxc7 g5 53.
Rc5 1-0

[Event "I Open Odisseias"]
[Site "Lisboa POR"]
[Date "2015.08.12"]
[Round "4.2"]
[White "Moradiabadi, Elshan"]
[Black "Foisor, Sabina-Francesca"]
[Result "1-0"]
[WhiteElo "2521"]
[BlackElo "2223"]
[WhiteFideId "12501255"]
[BlackFideId "1212915"]
[WhiteTitle "GM"]
[BlackTitle "WGM"]
[PlyCount "31"]
[EventDate "2015.??.??"]

1. Nf3 c5 2. e4 e6 3. d4 cxd4 4. Nxd4 Nf6 5. Nc3 Nc6 6. Ndb5 Bb4 7. a3 Bxc3+ 8.
Nxc3 d5 9. exd5 exd5 10. Bd3 O-O 11. O-O a6 12. Bf4 Bg4 13. Qd2 Qd7 14. Bg5 d4
15. Bxf6 dxc3 16. Qg5 1-0

[Event "I Open Odisseias"]
[Site "Lisboa POR"]
[Date "2015.08.12"]
[Round "4.3"]
[White "Santos, António P"]
[Black "Rocha, Sérgio"]
[Result "0-1"]
[WhiteElo "2211"]
[BlackElo "2421"]
[WhiteFideId "1900161"]
[BlackFideId "1900404"]
[WhiteTitle "FM"]
[BlackTitle "IM"]
[PlyCount "117"]
[EventDate "2015.??.??"]

1. d4 d6 2. c4 e5 3. Nf3 e4 4. Nfd2 f5 5. e3 Nf6 6. Nc3 g6 7. Be2 Bg7 8. O-O
O-O 9. b4 a5 10. bxa5 Nc6 11. Nb3 Kh8 12. Bd2 Nxa5 13. Nxa5 Rxa5 14. f3 exf3
15. Bxf3 Re8 16. Qb3 Ra6 17. Rae1 b6 18. Nb5 Ne4 19. Bxe4 Rxe4 20. d5 Bd7 21.
Bc3 h5 22. Bxg7+ Kxg7 23. Nc3 Re5 24. e4 Qe7 25. Qb1 Ra8 26. exf5 Bxf5 27. Qa1
Kh7 28. Rxe5 Qxe5 29. Nb5 Qe2 30. Nd4 Qe3+ 31. Kh1 Rf8 32. Ne6 Rf7 33. Re1 Qd2
34. h4 Bxe6 35. dxe6 Re7 36. Rf1 Qe2 37. Rf8 Qe5 38. Qf1 Qxe6 39. Rf6 Qe1 40.
Rf7+ Kg8 41. Rf8+ Kg7 42. Rf7+ Kh6 43. Qxe1 Rxe1+ 44. Kh2 c5 45. Rb7 Re4 46.
Rxb6 Rxh4+ 47. Kg3 Rxc4 48. Rxd6 Ra4 49. Rc6 c4 50. Kf3 Kg5 51. Rc5+ Kh4 52.
g3+ Kh3 53. Rg5 Ra3+ 54. Kf4 Ra6 55. g4 h4 56. Rc5 Rxa2 57. Rxc4 Rf2+ 58. Kg5
Rg2 59. Kxg6 0-1

[Event "I Open Odisseias"]
[Site "Lisboa POR"]
[Date "2015.08.12"]
[Round "4.4"]
[White "Dâmaso, Rui"]
[Black "Guerra, Vítor"]
[Result "1-0"]
[WhiteElo "2396"]
[BlackElo "2208"]
[WhiteFideId "1900030"]
[BlackFideId "1901095"]
[WhiteTitle "IM"]
[BlackTitle "NM"]
[PlyCount "91"]
[EventDate "2015.??.??"]

1. e4 c5 2. Nc3 e6 3. Nf3 Nc6 4. d4 cxd4 5. Nxd4 Qc7 6. g3 a6 7. Bg2 Nf6 8. O-O
Be7 9. Re1 Nxd4 10. Qxd4 d6 11. e5 dxe5 12. Rxe5 O-O 13. Bf4 Bd6 14. Rg5 Bxf4
15. gxf4 h6 16. Rc5 Qe7 17. Na4 Rd8 18. Qe3 Ng4 19. Qg3 Nf6 20. Qe3 Ng4 21. Qg3
Rd4 22. Qc3 Qd8 23. Nb6 Rd1+ 24. Rxd1 Qxd1+ 25. Bf1 Bd7 26. Nxa8 Bb5 27. Rxb5
axb5 28. h3 Nf6 29. Nb6 Qd6 30. Qe3 Nh5 31. Qe5 Qxb6 32. Qxh5 Qd4 33. Qe5 Qb4
34. Bd3 g6 35. a3 Qd2 36. Kg2 g5 37. Qe3 Qd1 38. fxg5 hxg5 39. Qxg5+ Kf8 40.
Qd8+ Kg7 41. Qd4+ Kf8 42. Qc5+ Kg7 43. Qg5+ Kf8 44. Qg4 Qc1 45. h4 Qxb2 46.
Qb4+ 1-0

[Event "I Open Odisseias"]
[Site "Lisboa POR"]
[Date "2015.08.12"]
[Round "4.5"]
[White "Alexandre, Jorge Petrucci"]
[Black "Pereira, António Caramez"]
[Result "0-1"]
[WhiteElo "2250"]
[BlackElo "2093"]
[WhiteFideId "1900439"]
[BlackFideId "1904485"]
[WhiteTitle "NM"]
[PlyCount "86"]
[EventDate "2015.??.??"]

1. f4 Nf6 2. Nf3 g6 3. b3 Bg7 4. Bb2 O-O 5. e3 d6 6. Be2 Nbd7 7. O-O e5 8. fxe5
Ng4 9. h3 Ngxe5 10. Nxe5 Nxe5 11. Nc3 c6 12. d4 Nd7 13. Bf3 d5 14. e4 dxe4 15.
Nxe4 Nb6 16. c4 Bf5 17. Qd2 Qc7 18. Rad1 Rad8 19. Qf2 Rfe8 20. Ng3 Bc8 21. a4
Qf4 22. Rd3 Bf5 23. Nxf5 Qxf5 24. Rfd1 Re7 25. a5 Qxa5 26. Ra1 Qf5 27. Re3 Rxe3
28. Qxe3 a6 29. Bc3 Qd7 30. Rd1 Re8 31. Qd2 h5 32. Ba5 Nc8 33. d5 cxd5 34. Qxd5
Qe7 35. Be1 b6 36. Bf2 Be5 37. Qd7 Kg7 38. Bc6 Rd8 39. Qxd8 Qe6 40. Bd5 Qf5 41.
Rf1 Nd6 42. Qc7 Ne4 43. Qxf7+ Qxf7 0-1

[Event "I Open Odisseias"]
[Site "Lisboa POR"]
[Date "2015.08.12"]
[Round "4.6"]
[White "Ferents, Andrey"]
[Black "Bolhari, Orfeh"]
[Result "1-0"]
[WhiteElo "2201"]
[BlackElo "2085"]
[WhiteFideId "14114941"]
[BlackFideId "12505218"]
[WhiteTitle "NM"]
[PlyCount "115"]
[EventDate "2015.??.??"]

1. d4 d5 2. c4 c6 3. cxd5 cxd5 4. Nc3 Nf6 5. Bf4 a6 6. Nf3 Nc6 7. e3 Bf5 8. Bd3
Bxd3 9. Qxd3 e6 10. O-O Be7 11. Rac1 O-O 12. a3 Na5 13. Ne5 Rc8 14. Na4 Nc4 15.
Qe2 b5 16. Nc3 Nd7 17. Nd3 Qb6 18. Rfd1 Bd6 19. e4 Bxf4 20. Nxf4 dxe4 21. Nxe4
Nd6 22. Rxc8 Rxc8 23. Ng5 h6 24. Nf3 Nf6 25. h3 Qc6 26. g3 Qc4 27. Qe5 Qc6 28.
d5 exd5 29. Nxd5 Nxd5 30. Rxd5 Nc4 31. Qd4 Nb6 32. Rd8+ Rxd8 33. Qxd8+ Kh7 34.
Ne5 Qc1+ 35. Kg2 Qxb2 36. Nxf7 Qf6 37. Qh8+ Kg6 38. Nd8 Nc4 39. Qe8+ Kh7 40.
Qe4+ Qg6 41. Qe7 Qf6 42. Qe4+ Qg6 43. Qe7 Qf6 44. Qd7 Ne5 45. Qd5 Nc4 46. Nb7
Nxa3 47. Qd3+ Qg6 48. Qxa3 Qc6+ 49. Qf3 Qb6 50. Qd3+ Kh8 51. Nd6 a5 52. Nxb5
Qc6+ 53. Kh2 a4 54. Na3 Qc5 55. Kg2 Qc6+ 56. Qf3 Qc5 57. Qa8+ Kh7 58. Qxa4 1-0

[Event "I Open Odisseias"]
[Site "Lisboa POR"]
[Date "2015.08.12"]
[Round "4.7"]
[White "Silva, Luís M"]
[Black "Martins, Bruno"]
[Result "1-0"]
[WhiteElo "2320"]
[BlackElo "1689"]
[WhiteFideId "1919121"]
[BlackFideId "1942255"]
[WhiteTitle "FM"]
[PlyCount "108"]
[EventDate "2015.??.??"]

1. d4 d5 2. c4 e6 3. Nc3 Nf6 4. Nf3 Be7 5. Bf4 O-O 6. e3 b6 7. Bd3 Bb7 8. O-O
Nbd7 9. Qe2 c5 10. Rfd1 Ne4 11. cxd5 exd5 12. dxc5 Nxc3 13. bxc3 bxc5 14. c4
Nf6 15. Rab1 Qc8 16. Ne5 Bd6 17. cxd5 Nxd5 18. Qh5 Nf6 19. Qh4 Be4 20. Rbc1
Bxd3 21. Rxd3 Qe6 22. Nc4 Bxf4 23. Qxf4 Rfd8 24. Rxd8+ Rxd8 25. h3 Nd5 26. Qg5
f6 27. Qh4 Nb6 28. Kh2 Nxc4 29. Rxc4 Qd6+ 30. Qg3 Qxg3+ 31. Kxg3 Rd2 32. Ra4
Rd7 33. Kf3 Kf7 34. Ke4 Ke6 35. Ra6+ Ke7 36. g4 h6 37. h4 g5 38. h5 Rc7 39. Kd3
Kf7 40. Kc4 Ke7 41. f3 Kf7 42. Ra5 Re7 43. e4 Rc7 44. a4 Ke6 45. Rxc5 Rxc5+ 46.
Kxc5 Ke5 47. a5 Kf4 48. a6 Kxf3 49. Kc6 Kxg4 50. Kb7 Kxh5 51. Kxa7 g4 52. Kb7
g3 53. a7 Kh4 54. a8=Q Kh5 1-0

[Event "I Open Odisseias"]
[Site "Lisboa POR"]
[Date "2015.08.12"]
[Round "4.8"]
[White "Santos, José Alves"]
[Black "Fidalgo, André"]
[Result "1-0"]
[WhiteElo "2182"]
[BlackElo "1956"]
[WhiteFideId "1900366"]
[BlackFideId "1933620"]
[WhiteTitle "NM"]
[PlyCount "109"]
[EventDate "2015.??.??"]

1. e4 c5 2. Nc3 g6 3. g3 Bg7 4. Bg2 d6 5. Nge2 e5 6. d3 Ne7 7. O-O O-O 8. f4
Nbc6 9. h3 f5 10. Be3 Nd4 11. Bf2 Rb8 12. Nxd4 cxd4 13. Ne2 b5 14. c3 dxc3 15.
Nxc3 b4 16. Ne2 Be6 17. Bxa7 Ra8 18. Be3 fxe4 19. dxe4 Bxa2 20. Rxa2 Kh8 21.
Rxa8 Qxa8 22. fxe5 Bxe5 23. Rxf8+ Qxf8 24. Bd4 Qf6 25. Bxe5 Qxe5 26. Qd4 Nc6
27. Qxe5+ Nxe5 28. Nd4 Nd3 29. b3 Nc5 30. Kf2 Kg7 31. Ke3 Kf6 32. Bf1 h5 33.
Bc4 g5 34. Nc2 Ke5 35. Nxb4 Kf6 36. Nd3 Nd7 37. b4 h4 38. gxh4 gxh4 39. b5 Kg5
40. Ne1 Nb6 41. Bd3 Kf6 42. Nf3 d5 43. e5+ Ke6 44. Kd4 Ke7 45. Kc5 Nd7+ 46. Kc6
Ke6 47. Bf5+ Kxf5 48. Kxd7 Ke4 49. e6 Kxf3 50. e7 d4 51. e8=Q d3 52. Qh5+ Ke3
53. Qxh4 d2 54. Qg5+ Ke2 55. Qxd2+ 1-0

[Event "I Open Odisseias"]
[Site "Lisboa POR"]
[Date "2015.08.12"]
[Round "4.9"]
[White "Reis, Luís Sousa"]
[Black "Simões, John"]
[Result "1-0"]
[WhiteElo "2175"]
[BlackElo "1929"]
[WhiteFideId "1900609"]
[BlackFideId "3901157"]
[WhiteTitle "NM"]
[PlyCount "83"]
[EventDate "2015.??.??"]

1. e4 c5 2. Nc3 e6 3. Nf3 d5 4. exd5 exd5 5. Bb5+ Nc6 6. O-O Nf6 7. Ne5 Qd6 8.
Re1 Be6 9. d3 O-O-O 10. Bxc6 bxc6 11. Bf4 Qe7 12. Nxc6 Qb7 13. Nxd8 Kxd8 14. b3
Kd7 15. Na4 Be7 16. c3 Qc6 17. d4 Rc8 18. Nxc5+ Bxc5 19. dxc5 Qxc5 20. c4 Ng4
21. Bg3 Nf6 22. cxd5 Nxd5 23. Rc1 Qb6 24. Rxc8 Kxc8 25. Qd2 Kd7 26. Qg5 g6 27.
Qh6 Qb4 28. Rd1 Qa3 29. Qf4 Ke7 30. Bh4+ Ke8 31. Qe5 Qc5 32. Qh8+ Kd7 33. Qd8+
Kc6 34. Bg5 Kb7 35. Rc1 Nc3 36. Qd2 f6 37. Be3 Qc6 38. Rxc3 Qe4 39. Qd3 Qg4 40.
Qb5+ Ka8 41. Qc6+ Kb8 42. Qc7+ 1-0

[Event "I Open Odisseias"]
[Site "Lisboa POR"]
[Date "2015.08.12"]
[Round "4.10"]
[White "Prata, José"]
[Black "Viela, André"]
[Result "1-0"]
[WhiteElo "1947"]
[BlackElo "2130"]
[WhiteFideId "1901303"]
[BlackFideId "1903748"]
[BlackTitle "NM"]
[PlyCount "95"]
[EventDate "2015.??.??"]

1. e4 c5 2. Nf3 d6 3. d4 cxd4 4. Nxd4 Nf6 5. Nc3 Nc6 6. f3 e5 7. Ndb5 a6 8. Na3
b5 9. Nd5 Nxd5 10. Qxd5 Qc7 11. c3 Be6 12. Qd1 Rd8 13. Bg5 f6 14. Be3 d5 15.
exd5 Bxd5 16. Qc1 b4 17. cxb4 Bxb4+ 18. Kf2 Qb7 19. Bc4 Bxa3 20. bxa3 O-O 21.
Rb1 Qf7 22. Bxa6 Nd4 23. Rd1 Ra8 24. Bf1 Rxa3 25. Qxa3 Nc2 26. Qc3 Nxe3 27.
Kxe3 Qa7+ 28. Ke2 Be6 29. Ke1 Rc8 30. Qd2 Bf5 31. Rbc1 Re8 32. Bc4+ Kh8 33. Kf1
e4 34. fxe4 Bxe4 35. Qd4 Qb8 36. Bd5 Qf4+ 37. Kg1 h5 38. Bxe4 Rxe4 39. Qd8+ Kh7
40. Qd3 f5 41. Rf1 Qe5 42. Qf3 g6 43. Rcd1 Qe6 44. a3 Qe7 45. Qf2 f4 46. Rde1
Rxe1 47. Rxe1 Qa7 48. Qxa7+ 1-0

[Event "I Open Odisseias"]
[Site "Lisboa POR"]
[Date "2015.08.12"]
[Round "4.11"]
[White "Ferreira, Luís Pedro"]
[Black "Teixeira, Ricardo Jorge"]
[Result "1-0"]
[WhiteElo "2126"]
[BlackElo "1869"]
[WhiteFideId "1925393"]
[BlackFideId "1918923"]
[PlyCount "41"]
[EventDate "2015.??.??"]

1. e4 c5 2. Nc3 g6 3. g3 Bg7 4. Bg2 e6 5. d3 Ne7 6. Be3 d6 7. d4 Qa5 8. Nge2
O-O 9. O-O Nbc6 10. d5 Ne5 11. dxe6 Bxe6 12. Qxd6 N7c6 13. Qxc5 Qa6 14. Nd4 Bc4
15. Rfd1 Rac8 16. Nxc6 Rxc6 17. Qxa7 Qxa7 18. Bxa7 Rfc8 19. f4 Ng4 20. h3 Ne3
21. Bxe3 1-0

[Event "I Open Odisseias"]
[Site "Lisboa POR"]
[Date "2015.08.12"]
[Round "4.12"]
[White "Ferreira, Carlos André"]
[Black "Ulyanovskyy, Vladimir"]
[Result "0-1"]
[WhiteElo "1928"]
[BlackElo "2111"]
[WhiteFideId "1904000"]
[BlackFideId "14120771"]
[PlyCount "68"]
[EventDate "2015.??.??"]

1. e4 c5 2. Nc3 Nc6 3. Bb5 Nd4 4. Bc4 e6 5. d3 a6 6. a4 d6 7. f4 Bd7 8. Nf3 Nc6
9. O-O Qc7 10. Be3 Nf6 11. h3 Be7 12. Qe1 Na5 13. Ba2 O-O 14. g4 b5 15. axb5
axb5 16. f5 c4 17. g5 Ne8 18. Nd4 Qb7 19. Qh4 b4 20. Nce2 b3 21. Bb1 e5 22. f6
Bd8 23. Nf5 Bxf5 24. fxg7 Nxg7 25. exf5 bxc2 26. Bxc2 Qxb2 27. Rac1 Nb3 28. f6
Nxc1 29. fxg7 Nxe2+ 30. Kg2 Qxc2 31. gxf8=Q+ Kxf8 32. Rf2 Qxd3 33. Qh5 Nf4+ 34.
Bxf4 exf4 0-1

[Event "I Open Odisseias"]
[Site "Lisboa POR"]
[Date "2015.08.12"]
[Round "5.1"]
[White "Pereira, António Caramez"]
[Black "Moradiabadi, Elshan"]
[Result "1/2-1/2"]
[WhiteElo "2093"]
[BlackElo "2521"]
[WhiteFideId "1904485"]
[BlackFideId "12501255"]
[BlackTitle "GM"]
[PlyCount "127"]
[EventDate "2015.??.??"]

1. Nf3 d5 2. d4 Nf6 3. c4 e6 4. Nc3 Nbd7 5. Bf4 dxc4 6. e3 Nb6 7. Be2 Nfd5 8.
Bg3 Bb4 9. Qc2 O-O 10. O-O Nxc3 11. bxc3 Bd6 12. Nd2 c5 13. Nxc4 Nxc4 14. Bxc4
Bxg3 15. hxg3 Qc7 16. Bd3 g6 17. Rab1 Bd7 18. Be4 Rab8 19. Rfc1 b6 20. Qe2 Rfd8
21. Qa6 Kg7 22. dxc5 bxc5 23. Rd1 Bc8 24. Qc6 Rxb1 25. Rxb1 Qxc6 26. Bxc6 Rd6
27. Bf3 Ba6 28. Rd1 Rb6 29. Rd7 Rb1+ 30. Kh2 Rb2 31. Rxa7 Bc4 32. a4 Rxf2 33.
a5 Ra2 34. g4 g5 35. Kg3 Ra3 36. Kf2 Rxc3 37. Rc7 Bd3 38. Bb7 Rc2+ 39. Kg3 c4
40. a6 Ra2 41. Bc8 Kf6 42. a7 Be4 43. Rxc4 Bd5 44. Rc7 Rxg2+ 45. Kh3 Ra2 46.
Bd7 Ra3 47. Be8 Rxe3+ 48. Kh2 Re2+ 49. Kg3 Rg2+ 50. Kh3 Ra2 51. Rxf7+ Ke5 52.
Rxh7 Kf4 53. Rf7+ Ke3 54. Rd7 Bf3 55. Re7 Kf4 56. Rf7+ Ke3 57. Re7 Bg2+ 58. Kg3
Bd5 59. Bf7 Rg2+ 60. Kh3 Kf2 61. Bxe6 Rg3+ 62. Kh2 Bf3 63. Rf7 Rg2+ 64. Kh3
1/2-1/2

[Event "I Open Odisseias"]
[Site "Lisboa POR"]
[Date "2015.08.12"]
[Round "5.4"]
[White "Martinez, Lelys"]
[Black "Garcia Dorado, Alberto"]
[Result "1-0"]
[WhiteElo "2541"]
[BlackElo "2088"]
[WhiteFideId "3504727"]
[BlackFideId "2252244"]
[WhiteTitle "GM"]
[PlyCount "43"]
[EventDate "2015.??.??"]

1. e4 d5 2. exd5 Nf6 3. Nf3 Nxd5 4. d4 Bg4 5. h3 Bh5 6. c4 Nf6 7. Qb3 b6 8. Be2
e6 9. Nc3 Be7 10. O-O O-O 11. Be3 c6 12. Rfd1 Nbd7 13. d5 exd5 14. cxd5 cxd5
15. Nxd5 Nxd5 16. Rxd5 Bxf3 17. Bxf3 Qe8 18. Re1 Bc5 19. Bd2 Qc8 20. Bg4 Rd8
21. Bg5 Re8 22. Red1 1-0

[Event "I Open Odisseias"]
[Site "Lisboa POR"]
[Date "2015.08.12"]
[Round "5.5"]
[White "Ulyanovskyy, Vladimir"]
[Black "Silva, Luís M"]
[Result "0-1"]
[WhiteElo "2111"]
[BlackElo "2320"]
[WhiteFideId "14120771"]
[BlackFideId "1919121"]
[BlackTitle "FM"]
[PlyCount "94"]
[EventDate "2015.??.??"]

1. e4 c5 2. c4 Nc6 3. Ne2 Nf6 4. Nbc3 e6 5. d4 cxd4 6. Nxd4 Bb4 7. Nxc6 bxc6 8.
Bg5 h6 9. Bxf6 Qxf6 10. Qd2 O-O 11. Be2 d5 12. cxd5 cxd5 13. exd5 exd5 14. a3
Ba5 15. b4 Bb6 16. O-O Rd8 17. Bf3 Be6 18. Na4 Bd4 19. Rad1 Be5 20. Nc5 Rac8
21. Qe2 Bb8 22. Rfe1 Re8 23. g3 d4 24. Bb7 Rcd8 25. Bc6 Re7 26. Bg2 Rde8 27.
Qd2 Bg4 28. Rxe7 Rxe7 29. f3 Bxf3 30. Rf1 Re3 31. Nd7 Qe7 32. Qxd4 Bxg2 33.
Kxg2 Re2+ 34. Rf2 Bc7 35. Nc5 Bb6 36. a4 Rxf2+ 37. Kxf2 a5 38. Kg2 axb4 39.
Qxb4 Qxc5 40. Qf4 Qd5+ 41. Kh3 g5 42. Qb8+ Kg7 43. Qxb6 f5 44. Qa7+ Kg6 45.
Qa6+ Kh5 46. g4+ fxg4+ 47. Kg3 Qf3# 0-1

[Event "I Open Odisseias"]
[Site "Lisboa POR"]
[Date "2015.08.12"]
[Round "5.6"]
[White "Foisor, Sabina-Francesca"]
[Black "Ferreira, Hugo"]
[Result "1-0"]
[WhiteElo "2223"]
[BlackElo "1965"]
[WhiteFideId "1212915"]
[BlackFideId "1915940"]
[WhiteTitle "WGM"]
[PlyCount "115"]
[EventDate "2015.??.??"]

1. d4 d5 2. Bf4 Nf6 3. e3 e6 4. Nd2 Bd6 5. Bg3 h5 6. Bd3 h4 7. Bxd6 Qxd6 8. f4
c5 9. c3 Nc6 10. Ngf3 Ng4 11. Qe2 f5 12. Ne5 Ngxe5 13. fxe5 Qe7 14. O-O-O Bd7
15. Kb1 O-O-O 16. Bb5 Nb8 17. Bd3 Nc6 18. Nf3 g5 19. h3 c4 20. Bc2 b5 21. b3
Kc7 22. Kc1 Qa3+ 23. Kd2 b4 24. Rb1 Rb8 25. Rhc1 Qxa2 26. Kd1 cxb3 27. Rxb3 Na5
28. Rxb4 Rxb4 29. cxb4 Nc4 30. Bd3 Qxe2+ 31. Kxe2 Bb5 32. Nxg5 Kd7 33. Ra1 a6
34. Kf2 Ke7 35. Nf3 Rh6 36. Ra2 Rh8 37. Ke2 Rh7 38. Nd2 Rg7 39. Kf2 Kd8 40.
Bxc4 dxc4 41. Rc2 Rc7 42. e4 Kd7 43. exf5 exf5 44. d5 c3 45. Nf3 Rc4 46. g3
hxg3+ 47. Kxg3 Rxb4 48. Rxc3 a5 49. d6 a4 50. Rc7+ Ke6 51. Re7+ Kd5 52. d7 Bxd7
53. Rxd7+ Ke4 54. e6 Rb6 55. e7 f4+ 56. Kg4 Rg6+ 57. Kh5 Re6 58. Ng5+ 1-0